000 00834nam a2200217 a 4500
001 39929
003 BD-RjUL
005 20211209053108.0
008 160420r19771950ii ||||| |||| 00| 0 ben d
035 _a(BD-RjUL)40043
040 _aBD-RjUL
_bben
_cBD-RjUL
041 _aben
082 _223
_a891.4409
_bBHB 1977
100 _aভট্রাচার্য, শ্রীবিজনবিহারী
_9122992
245 1 0 _aবাগর্থ /
_c শ্রীবিজনবিহারী ভট্রাচার্য
260 _aকলিকাতা :
_bজিজ্ঞাসা,
_c১৯৭৭
300 _a[১৪], ১৯৮ পৃ. ;
_c২১ সেমি
650 _aবাংলা সাহিত্য
_xইতিহাস
_9122993
650 _aBengali Literature
_xHistory
_9122994
942 _2ddc
_cBK
999 _c39929
_d39929